000 00576cam a22002291a 4500
001 sa 68016421
003 DLC
005 20260227112654.0
008 830328s1966 io 000 0 ind
010 _asa 68016421
035 _a(OCoLC)9352389
040 _aDLC
_cOAU
_dOAU
_dDLC
042 _apremarc
043 _aa-io---
050 0 0 _aBJ2007.I5
_bH33
100 1 _aHassan, ʻAbbas.
245 1 0 _aSukses dalam pergaulan /
_cAbbas Hassan.
250 _aTjet. 1.
260 _aDjakarta :
_bBakti Pustaka,
_c1966.
300 _a169 p. ;
_c18 cm.
650 0 _aEtiquette.
999 _c87085
_d87085